Üdvözlet Németlipcséről

Bibliographic Details
Format: Photo
Language:Hungarian
PhysicalDescription:1 pohľadnica kolorovaná 14x9 cm
Published: Németlipcse Pohorelly János [1912?]
Subjects:

MARC

LEADER 00000nkmaa2200000 a 4500
001 vtls010114861
003 SK-MaSNL
005 20260425223043.0
007 kf co
008 231204q1912 xo 000 ||00 k|hun
035 |a EF84D1DD-2AD6-4CB5-8911-0C615BE1ECF7 
035 |a urn:nbn:sk:snk-km001m4a 
035 |a urn:nbn:sk:snk-kmti9y 
040 |a SNKLA  |b slo  |c SNKLA  |e AACR2 
041 0 |a hun 
044 |a xo  |c SK 
245 0 0 |a Üdvözlet Németlipcséről  |h [grafika] 
260 |a Németlipcse  |b Pohorelly János  |c [1912?] 
300 |a 1 pohľadnica  |b kolorovaná  |c 14x9 cm 
610 2 7 |a Evanjelický kostol (Partizánska Ľupča, Slovensko)  |2 SNKLA  |9 325555 
650 0 7 |a evanjelické kostoly  |2 SNKLA  |9 86148 
651 7 |a Slovensko  |2 SNKPH  |9 14231 
651 7 |a Partizánska Ľupča (Slovensko)  |2 SNKPH  |9 74602 
655 7 |a miestne pohľadnice  |2 SNKPH  |9 70510 
655 7 |a historické pohľadnice  |2 SNKPH  |9 159703 
752 |a Slovensko  |d Partizánska Ľupča 
958 |a GC 
958 |a BLA 
999 |c 575539  |d 577469 
952 |a SNKLA  |b SNKLA  |c SNKLA_DEP  |y NEVYP  |7 0  |p 17A0650743  |o snkLA 5651/1973  |0 0  |1 0  |4 0  |d 2014-07-28  |f 1  |l 0  |r 2026-02-23 14:31:02  |w 2026-02-23